مكتبة جامعة عجلون الوطنية

فهرس بحث المكتبة

Normal view MARC view
  • الابداع في الادارة

Entry Topical Term

Number of records used in: 1

001 - CONTROL NUMBER

  • control field: 62442

003 - CONTROL NUMBER IDENTIFIER

  • control field: JO-AjAnu

005 - DATE AND TIME OF LATEST TRANSACTION

  • control field: 20230606084210.0

008 - FIXED-LENGTH DATA ELEMENTS

  • fixed length control field: 230606|| aca||aabn | a|a d

040 ## - CATALOGING SOURCE

  • Original cataloging agency: JO-AjAnu
  • Transcribing agency: JO-AjAnu

150 ## - HEADING--TOPICAL TERM

  • Topical term or geographic name entry element: الابداع في الادارة

670 ## - SOURCE DATA FOUND

  • Source citation: Work cat.: (JO-AjAnu)31843: إعداد الحجاجرة، ختام عبد الغفار عبد المنعم؛ إشراف محمود علي الروسان, author 62441, أثر القيادة التحويلية في تنمية الإبداع الإداري لدى العاملين في شركات الاتصالات في الأردن =The impact of Transformational Leadership in Developing Adminstrative Creativity among Employees in Telcommunications companies in jordan